Teoretické východiská daňovej politiky a ich aplikácia v praxi diplomová práca

Enregistré dans:
Détails bibliographiques
Auteur principal: Varačka, Robert
Collectivité auteur: Národohospodárska fakulta EU. Katedra financií
Autres auteurs: Schultzová, Anna
Format: Livre
Langue:slovaque
Publié: Bratislava 2017
Tags: Ajouter un tag
Pas de tags, Soyez le premier à ajouter un tag!

MARC

LEADER 00000nbm a2200000 4500
001 0231908
005 20171127151330.9
041 0 |a slo 
044 |a SK 
245 1 0 |a Teoretické východiská daňovej politiky a ich aplikácia v praxi  |b diplomová práca  |c Robert Varačka ; školiteľ: Anna Schultzová 
264 1 |a Bratislava  |c 2017 
300 |a 72 s. 
100 1 |a Varačka, Robert 
700 1 |a Schultzová, Anna 
710 2 |a Národohospodárska fakulta EU. Katedra financií